| 000 | 00475cam a2200193ua 4500 | ||
|---|---|---|---|
| 001 | 6113 | ||
| 008 | 131119n ii |||gr||||Z||||||eng | ||
| 020 | _a978-93-272-2722-2 | ||
| 040 | _cMAIN | ||
| 082 | _a657.42 | ||
| 245 |
_aCost Accounting _cBy S.P. Jain |
||
| 260 |
_aLudhiana: _bKalyani Publishers, _c2012. |
||
| 300 | _ax,5.20p. | ||
| 653 | _aCommerce | ||
| 653 | _aCost Accounting | ||
| 700 |
_aJain,S.P., _eAuthor., |
||
| 700 |
_aNarang,K.L., _eAuthor. |
||
| 942 | _cBK | ||
| 999 |
_c5265 _d5265 |
||